000 006490000a22002170004500
003 LK-CoMWRAF
005 20231102123837.0
008 230817t1990 ||||| |||| 00| 0 eng d
040 _aLK-CoMWRAF
_dLK-CoMWRAF
_eLK-CoMWRAF
041 _aeng
082 _a297.8
_bSON
100 _aSonn, Tamara
245 _aThe State and Islam :
_bThe challenge of political legitimacy in the Muslim world
260 _aLahore :
_bPak Book Corporation,
_c1990
300 _a xiii,266p.
_bIndex included
500 _aIndex
650 _aISLAM AND STATE
650 _aIslam and politics
650 _aIslamic countries - Politics and government
942 _cBK
999 _c2770
_d2770